000 00898nam a2200229 i 4500
001 bg
100 1 _aCYKLIS, Piotr
245 1 0 _aIdentyfikacja termodynamiczna elementów instalacji sprężarek wyporowych :
_buogólnienie modelu Helmholtza /
_cPiotr Cyklis.
260 _aKraków :
_bPK,
_c1999.
300 _a141 s., [2] k. tabl. kolor. :
_brys., wykr. ;
_c24 cm.
490 1 _aMonografia / Politechnika Krakowska im. Tadeusza Kościuszki. Mechanika
500 _aISSN i nr serii gł.: 0860-097X ; 254. - Streszcz. ang., ros.
504 _aBibliogr. s. 119-133.
650 9 _aSprężarki
_xfizyka
_xbadanie
650 9 _aTermodynamika techniczna
_xzagadnienia
830 0 _aMonografia (Politechnika Krakowska im. Tadeusza Kościuszki. Mechanika)
040 _cBPK
041 0 _apl
_bende
080 _a621.51/.54:536.7](075.8)
942 _cKS
008 s pl f |000 0 pol
999 _c37669
_d37669
856 _uhttp://koha.tu.koszalin.pl/cgi-bin/koha/opac-detail.pl?biblionumber=37669
_yKatalog online BPK